[Event "Thompson Memorial op U1400"]
[Site "Dallas"]
[Date "2001.09.16"]
[Round "5"]
[White "Leppert, Christian"]
[Black "Vaughn, David E"]
[Result "0-1"]
[WhiteElo "1338"]
[BlackElo "1352"]
[PlyCount "125"]
[EventDate "2001.09.14"]
[EventType "swiss"]
[EventRounds "5"]
[EventCountry "USA"]
[SourceTitle "EXT 2005"]
[Source "ChessBase"]
[SourceDate "2004.11.15"]
[SourceVersion "1"]
[SourceVersionDate "2004.11.15"]
[SourceQuality "1"]

1. d4 Nf6 2. c4 e6 3. Nc3 Bb4 4. e3 c5 5. Nf3 Ne4 6. Bd2 Bxc3 7. Bxc3 Nxc3 8. bxc3 Qa5 9. Qd2 0-0 10. Bd3 d6 11. 0-0 Re8 12. d5 e5 13. Qc2 g6 14. e4 Bg4 15. Nd2 Qd8 16. Rab1 b6 17. a4 Qg5 18. f3 Bh3 19. Nb3 Bc8 20. a5 Nd7 21. axb6 Nxb6 22. Ra1 Qd8 23. Ra2 Re7 24. Na5 Bd7 25. Rfa1 Nc8 26. Ra3 Be8 27. Qa2 a6 28. Bc2 Rea7 29. Ba4 Ne7 30. Bxe8 Qxe8 31. Rb1 Rb8 32. Rab3 Rxb3 33. Qxb3 Qa8 34. Qb8+ Qxb8 35. Rxb8+ Kg7 36. Nc6 Nxc6 37. dxc6 Rc7 38. Rb6 a5 39. Kf2 a4 40. Ke3 a3 41. Ra6 g5 42. g3 f6 43. h3 h5 44. Rxa3 Rxc6 45. Ra7+ Kg6 46. Rd7 Ra6 47. Rd8 h4 48. gxh4 gxh4 49. f4 Ra3 50. f5+ Kg5 51. Kd3 Ra6 52. Rg8+ Kh5 53. Rg6 Ra1 54. Rxf6 Rh1 55. Ke2 Rxh3 56. Rf8 Rxc3 57. Rg8 Rxc4 58. Kf3 h3 59. f6 h2 60. Kg2 Rc2+ 61. Kh1 Rf2 62. Rh8+ Kg6 63. Rf8 0-1